000 01033nam a2200325 4500
003 EC-QuCCB
005 20251231161845.0
007 ta
008 221025s1983 sp a|||a |||| 00| j spa d
020 _a84-372-1912-4
040 _aEC-QuCCB
041 _aspa
082 _aI E829.3
_bA2855a
100 1 _aAhlberg, Allan,
_d1938-2025
_9312
245 1 0 _aColmenar
_cAllan Ahlberg ; Faith Jaques, ilustraciones ; Miguel A. Diéguez, traducción
250 _aPrimera edición
260 _aMadrid, España :
_bEdiciones Altea,
_c1983
300 _a22 páginas :
_bilustraciones ;
_c20 cm
336 _atexto
_btxt
337 _ano mediado
_bn
338 _avolumen
_bnc
490 0 _aLa Extraordinaria Familia
521 _aNiños de 4 a 6 años
590 _abgg
650 4 _911848
_aCuentos infantiles ingleses
650 0 _941763
_aLiteratura infantil inglesa
700 1 _942197
_aJaques, Faith,
_d1923-1997‏
_eilustradora,
700 1 _aDiéguez, Miguel A.,
_d1942-‏2003
_etraductor,
_942183
942 _2ddc
_cBK
999 _c78634
_d78634